UK National Parks - Statistics

General Stats
  • This quiz has been taken 322 times
  • The average score is 10 of 15
Answer Stats
Hint Answer % Correct
England Lake District
96%
Wales Snowdonia
89%
England Peak District
88%
England Dartmoor
73%
Wales Brecon Beacons
72%
England Yorkshire Dales
72%
England Exmoor
68%
England New Forest
59%
England South Downs
57%
Scotland Cairngorms
56%
Wales Pembrokeshire Coast
54%
England Broads
49%
England North York Moors
49%
England Northumberland
41%
Scotland Loch Lomond
37%
No matching quizzes found
Score Distribution
Percent of People with Each Score
Percentile by Number Answered
Your Score History
You have not taken this quiz